000 00447nam a2200181Ia 4500
001 9911
005 20260306161753.0
008 260306t2016||||xx |||||||||||||| ||spa||
041 _aESP
082 _a808.2
_bC231
100 _aCeballos, Edgar
_eAUT
245 0 _aCómo escribir teatro:
_bhistoria y reglas de dramaturgia
260 _c2016
300 _a516 páginas :
_c23 cm.
650 _aGEN
654 _aCHU
942 _cLIB
_dJUS
_fJUS
_2ddc
_n
999 _c9911
_d9911